000
00272nam a22001097a 4500
008
170123b xxu||||| |||| 00| 0 eng d
020
_a
9781418064976
041
_a
eng
080
_2
7TH
_a
618.2
245
_a
PHARMACOLOGICAL ASPECTS OF NURSING CARE
_c
BROYLES
942
_2
udc
_c
BK
999
_c
3411
_d
3411